Le Tartuffe / (Record no. 12833)
[ view plain ]
| 000 -LEADER | |
|---|---|
| fixed length control field | 00451nam a2200169ka 4500 |
| 040 ## - CATALOGING SOURCE | |
| Transcribing agency | EUN |
| 082 ## - DEWEY DECIMAL CLASSIFICATION NUMBER | |
| Classification number | 820 HAT 1986 A086 Or. |
| 100 10 - MAIN ENTRY--AUTHOR NAME | |
| Personal name | Moli©·re, |
| 245 13 - TITLE STATEMENT | |
| Title | Le Tartuffe / |
| 260 0# - PUBLICATION, DISTRIBUTION, ETC. (IMPRINT) | |
| Place of publication | [Paris] : |
| Name of publisher | Hatier, |
| Year of publication | 1986 |
| 300 ## - PHYSICAL DESCRIPTION | |
| Number of Pages | 127 p. : |
| Other physical details | ill. ; |
| Dimensions | 21 cm |
| 490 1# - SERIES STATEMENT | |
| Series statement | Collection Th©♭©Øtre et mises en sc©·ne |
| 700 10 - ADDED ENTRY--PERSONAL NAME | |
| Personal name | G©♭ray, Christine |
| 700 20 - ADDED ENTRY--PERSONAL NAME | |
| Personal name | Vandel-Isaakidis, Catherine |
| 700 10 - ADDED ENTRY--PERSONAL NAME | |
| Personal name | Judenne, Christiane |
| 942 ## - ADDED ENTRY ELEMENTS (KOHA) | |
| Koha item type | សៀវភៅភាសាបារាំង |
| 952 ## - LOCATION AND ITEM INFORMATION (KOHA) | |
| Withdrawn status [LOCAL, KOHA] | 0 |
| Permanent Location | Date acquired | Koha item type | Lost status | Shelving location | Barcode | Current Location | Full call number |
|---|---|---|---|---|---|---|---|
| Library Block A | 2017-08-17 | សៀវភៅភាសាបារាំង | A094 | A18575 | Library Block A | 820 HAT 1986 A094 Or. |